| 000 | 00417nam a2200181Ia 4500 | ||
|---|---|---|---|
| 001 | 10863 | ||
| 005 | 20260306161903.0 | ||
| 008 | 260306t1965||||xx |||||||||||||| ||spa|| | ||
| 041 | _aESP | ||
| 082 |
_a980 _bE92 |
||
| 100 |
_aEsteve Barba, Francisco _eAUT |
||
| 245 | 0 | _aCultura virreinal | |
| 260 | _c1965 | ||
| 300 |
_a1019 páginas : _c24 cm. |
||
| 650 | _aGEN | ||
| 654 | _aCHU | ||
| 942 |
_cLIB _dJUS _fJUS _2ddc _n |
||
| 999 |
_c10863 _d10863 |
||